US President Last Minus First Name Quiz Stats

Quiz Updated Jun 16, 2013

Challenge
Share
Tweet
Embed
Score 0/20 Timer 04:00
6 Plays Today
Clue President % Correct
JcksoJackson
99.8%
CntonClinton
95.4%
KeedyKennedy
95.1%
TftTaft
91.6%
oovHoover
90.9%
oodgeCoolidge
88.7%
V BueVan Buren
87.4%
JhsJohnson (Lyndon)
86.5%
TumnTruman
84.6%
ilsnWilson
79.8%
Clue President % Correct
FoFord
78.5%
HdigHarding
73.6%
OmObama
71.3%
ckneyMcKinley
66%
dionMadison
64%
svlRoosevelt (Theodore)
62.9%
FoeFillmore
47.7%
AuArthur
42.2%
TloTaylor
40.1%
egReagan
39.7%

You're not logged in!

Compare scores with friends on all Sporcle quizzes.
Sign Up with Email
OR
Log In

You Might Also Like...

Show Comments

Extras

Top Quizzes Today


Score Distribution

Your Account Isn't Verified!

In order to create a playlist on Sporcle, you need to verify the email address you used during registration. Go to your Sporcle Settings to finish the process.